Kung - Fu filozofia, štýly, techniky

Bibliographic Details
Main Author: Urgela, Robert, 1962- (Author)
Format: Book
Language:Slovak
PhysicalDescription:84 strán fotografie, ilustrácie 20 cm
Published: Veľký Krtíš BUDO ARTIKEL [1992]
Subjects:

MARC

LEADER 00000cam a2200000 4500
001 vtls012238505
003 SK-MaSNL
005 20260301203503.0
008 230905s1992 xo ao f f 000 0 slo
015 |a SNBA1992 
020 |q (brožované) 
040 |a SNK  |b slo  |c SNK  |e rda 
041 0 |a slo 
044 |a xo  |c SK 
072 7 |a 796  |x Šport. Hry. Telesné cvičenia  |2 konspekt 
080 |a 796.855  |2 2011 
080 |a 796.85  |2 2011 
080 |a (035)  |2 2011 
100 1 |a Urgela, Robert,  |d 1962-  |4 aut  |9 404724 
245 1 0 |a Kung - Fu  |b filozofia, štýly, techniky  |c Robert Urgela 
264 1 |a Veľký Krtíš  |b BUDO ARTIKEL  |c [1992] 
300 |a 84 strán  |b fotografie, ilustrácie  |c 20 cm 
336 |a text  |b txt  |2 rdacontent 
336 |a statický obraz  |b sti  |2 rdacontent 
337 |a bez média  |b n  |2 rdamedia 
338 |a zväzok  |b nc  |2 rdacarrier 
650 0 7 |a kung-fu  |2 SNKPH  |9 3248 
650 0 7 |a kung-fu  |2 SNKPHeng  |9 3248 
650 0 7 |a bojové umenia  |2 SNKPH  |9 3247 
650 0 7 |a Martial arts  |2 SNKPHeng  |9 324563 
655 7 |a príručky  |2 SNKPH  |9 74364 
655 7 |a Handbooks, manuals, etc.  |2 SNKPHeng  |9 90964 
852 |a Slovenská národná knižnica 
954 |a odborná, vedecká literatúra pôvodná (slovenská)  |2 lita 
999 |c 902816  |d 904746 
952 |a SNK  |b SNK  |y PREZ  |7 0  |p 17A1531535  |o snkSD 91933  |i snk2023/12853  |8 7  |0 0  |1 0  |4 0  |d 2023-09-05  |l 0  |r 2026-02-24 07:18:49  |w 2026-02-24